000 00535nam a2200169Ia 4500
008 090201s9999 xx 000 0 und d
010 _aKPL-59158
040 _bमराठी
041 _aमराठी
082 _a4800
_b59158
100 _aव पु काळे
245 _aमाझं माझ्यापाशी ?
_cव पु काळे
260 _c2004
_bऔदुंबर प्रकाशन
300 _a139
_bमोठा
600 _aमाझं माझ्यापाशी ?
942 _cBOOK
999 _c205811
_d205811